Central Library || Chittagong University

Biostatistics and mathematical biology / (Record no. 109273)

MARC details
000 -LEADER
fixed length control field 00489nam a22001817a 4500
003 - CONTROL NUMBER IDENTIFIER
control field BD-ChCU
005 - DATE AND TIME OF LATEST TRANSACTION
control field 20251110141204.0
008 - FIXED-LENGTH DATA ELEMENTS--GENERAL INFORMATION
fixed length control field 251110b ii ||||| |||| 00| 0 eng d
020 ## - INTERNATIONAL STANDARD BOOK NUMBER
International Standard Book Number 9789356066267
040 ## - CATALOGING SOURCE
Transcribing agency BD-ChCU
082 ## - DEWEY DECIMAL CLASSIFICATION NUMBER
Classification number 570.15195 B324b
100 ## - MAIN ENTRY--PERSONAL NAME
Personal name Bast, Felix
9 (RLIN) 15860
245 ## - TITLE STATEMENT
Title Biostatistics and mathematical biology /
Statement of responsibility, etc. Felix Bast
260 ## - PUBLICATION, DISTRIBUTION, ETC.
Place of publication, distribution, etc. India:
Name of publisher, distributor, etc. Pearson,
Date of publication, distribution, etc. c2023
300 ## - PHYSICAL DESCRIPTION
Extent 354p.
650 #0 - SUBJECT ADDED ENTRY--TOPICAL TERM
Topical term or geographic name entry element Mathematics, Biomathematic
9 (RLIN) 15861
942 ## - ADDED ENTRY ELEMENTS (KOHA)
Source of classification or shelving scheme Dewey Decimal Classification
Koha item type Books
Suppress in OPAC No
Holdings
Withdrawn status Lost status Source of classification or shelving scheme Damaged status Not for loan Home library Current library Shelving location Date acquired Source of acquisition Total Checkouts Full call number Barcode Date last seen Copy number Price effective from Koha item type
    Dewey Decimal Classification     Chittagong University Library Chittagong University Library Science Reading Room 11/10/2025 Purchase   570.15195 B324b 342828 11/10/2025 C-1 11/10/2025 Books
    Dewey Decimal Classification     Chittagong University Library Chittagong University Library Science Reading Room 11/10/2025 Purchase   570.15195 B324b 342829 11/10/2025 C-2 11/10/2025 Books
© Copyright 2025. Chittagong University Library, Installation and Maintenance by Prof. Dr. Md. Alamgir, 01711306253